[Event "PRO League Pacific"]
[Site "Chess.com INT"]
[Date "2017.02.01"]
[Round "4"]
[White "Nagle, Sean"]
[Black "Toolin, Christopher"]
[Result "1-0"]
[WhiteElo "2423"]
[BlackElo "2209"]
[PlyCount "69"]
[EventDate "2017.01.11"]
[EventType "team-swiss (rapid)"]
[EventRounds "7"]
[EventCountry "USA"]
[SourceTitle "CBM 176 Extra"]
[Source "ChessBase"]
[SourceDate "2017.03.02"]
[SourceVersion "1"]
[SourceVersionDate "2017.03.02"]
[SourceQuality "1"]
[WhiteTeam "Minnesota Blizzard"]
[BlackTeam "Dallas Destiny"]
[WhiteTeamCountry "UAE"]
[BlackTeamCountry "USA"]

1. Nf3 d5 2. d4 Nf6 3. c4 e6 4. g3 Be7 5. Bg2 0-0 6. 0-0 dxc4 7. Qc2 b5 8. a4 b4 9. Ne5 Qxd4 10. Nxc4 Nd5 11. Rd1 Qg4 12. Ne3 Nxe3 13. Bxe3 c6 14. Bf3 Qf5 15. Be4 Qh5 16. Nd2 Ba6 17. Nc4 f5 18. Bf3 Qe8 19. Nd6 Qg6 20. Nb5 cxb5 21. Bxa8 Rc8 22. Qb3 bxa4 23. Qxa4 Bxe2 24. Rdc1 Rf8 25. Qxa7 Bd6 26. Bc5 Bxc5 27. Qxc5 Nd7 28. Qxb4 f4 29. Ra7 fxg3 30. hxg3 Nf6 31. Bg2 Ng4 32. Qxf8+ Kxf8 33. Rc8+ Qe8 34. Rxe8+ Kxe8 35. Rxg7 1-0

[Event "PRO League Pacific"]
[Site "Chess.com INT"]
[Date "2017.02.01"]
[Round "4"]
[White "Nagle, Sean"]
[Black "Xiong, Jeffery"]
[Result "0-1"]
[WhiteElo "2423"]
[BlackElo "2667"]
[PlyCount "94"]
[EventDate "2017.01.11"]
[EventType "team-swiss (rapid)"]
[EventRounds "7"]
[EventCountry "USA"]
[SourceTitle "CBM 176 Extra"]
[Source "ChessBase"]
[SourceDate "2017.03.02"]
[SourceVersion "1"]
[SourceVersionDate "2017.03.02"]
[SourceQuality "1"]
[WhiteTeam "Minnesota Blizzard"]
[BlackTeam "Dallas Destiny"]
[WhiteTeamCountry "UAE"]
[BlackTeamCountry "USA"]

1. Nf3 c5 2. c3 Nf6 3. d4 b6 4. dxc5 bxc5 5. e4 e6 6. e5 Nd5 7. Na3 Be7 8. Bd3 0-0 9. Be4 Nc6 10. Bxd5 exd5 11. Qxd5 Ba6 12. Nc4 Na5 13. Nxa5 Qxa5 14. Bg5 Rab8 15. Qd2 Bxg5 16. Nxg5 Rfe8 17. f4 Qa4 18. Kf2 d6 19. b3 Qa3 20. Qc2 dxe5 21. Qxh7+ Kf8 22. Rhe1 Qb2+ 23. Kg1 Bb7 24. Qh8+ Ke7 25. Rxe5+ Kd6 26. Rd1+ Kc7 27. Qh3 Rbd8 28. Rf1 Rd2 29. Nf3 Rxe5 30. fxe5 Re2 31. Qg3 Kb6 32. Qxg7 Qxa2 33. h4 Qxb3 34. h5 Be4 35. h6 Qc2 36. Kh2 Kb5 37. Qg4 Kc4 38. e6 fxe6 39. h7 Qxc3 40. Qxe6+ Kd3 41. Qe5 Rxg2+ 42. Kxg2 Qxe5 43. Rd1+ Kc2 44. Re1 Bxf3+ 45. Kxf3 Qf5+ 46. Kg2 Qxh7 47. Re7 Qxe7 0-1

[Event "PRO League Pacific"]
[Site "Chess.com INT"]
[Date "2017.01.25"]
[Round "3"]
[White "Nagle, Sean"]
[Black "Swiercz, Dariusz"]
[Result "0-1"]
[WhiteElo "2423"]
[BlackElo "2647"]
[PlyCount "126"]
[EventDate "2017.01.11"]
[EventType "team-swiss (rapid)"]
[EventRounds "7"]
[EventCountry "USA"]
[SourceTitle "CBM 176 Extra"]
[Source "ChessBase"]
[SourceDate "2017.03.02"]
[SourceVersion "1"]
[SourceVersionDate "2017.03.02"]
[SourceQuality "1"]
[WhiteTeam "Minnesota Blizzard"]
[BlackTeam "St Louis Arch Bishops"]
[WhiteTeamCountry "UAE"]
[BlackTeamCountry "USA"]

1. Nf3 Nf6 2. c4 g6 3. Nc3 d5 4. cxd5 Nxd5 5. e4 Nxc3 6. dxc3 Qxd1+ 7. Kxd1 f6 8. Kc2 e5 9. Be3 Nd7 10. Nd2 Bc5 11. Bxc5 Nxc5 12. b4 Ne6 13. Nc4 Bd7 14. a4 Ke7 15. g3 Rad8 16. Be2 Ng5 17. f3 Nf7 18. Ne3 c6 19. Bc4 Nd6 20. Bb3 h5 21. c4 b6 22. a5 f5 23. axb6 axb6 24. Ra6 fxe4 25. fxe4 Rb8 26. Rd1 Nxe4 27. Ra7 Nf6 28. c5 bxc5 29. Nc4 Ra8 30. Rda1 Rxa7 31. Rxa7 cxb4 32. Nxe5 Rc8 33. Nxg6+ Kd6 34. Nf4 Re8 35. Bf7 Re7 36. Ra4 Bf5+ 37. Kb3 Rxf7 38. Rxb4 Nd5 39. Rd4 Ke5 40. Rc4 Nxf4 41. gxf4+ Kd5 42. Rb4 Be4 43. Kc3 Rxf4 44. Rd4+ Ke5 45. Rd2 Rf3+ 46. Kc4 Bd5+ 47. Kc5 Rc3+ 48. Kb6 Rb3+ 49. Kc7 h4 50. Rc2 Kf4 51. Kd6 Kg4 52. Ke5 Rf3 53. Kd4 Kh3 54. Ke5 Rf1 55. Rd2 Rg1 56. Kf4 Rg4+ 57. Kf5 Rg2 58. Rd3+ Kxh2 59. Rd4 h3 60. Kf4 Rf2+ 61. Kg4 Kg2 62. Rd3 Bf3+ 63. Kh4 h2 0-1

[Event "World op 42nd"]
[Site "Arlington"]
[Date "2014.07.06"]
[Round "9"]
[White "Nagle, Sean"]
[Black "Shimanov, Aleksandr"]
[Result "1-0"]
[WhiteElo "2411"]
[BlackElo "2644"]
[PlyCount "115"]
[EventDate "2014.07.02"]
[EventType "swiss"]
[EventRounds "9"]
[EventCountry "USA"]
[SourceTitle "CBM 161 Extra"]
[Source "ChessBase"]
[SourceDate "2014.08.29"]
[SourceVersion "1"]
[SourceVersionDate "2014.08.29"]
[SourceQuality "1"]

1. Nf3 f5 2. c4 g6 3. g3 Bg7 4. d4 Nf6 5. Bg2 0-0 6. 0-0 c6 7. b3 d6 8. Bb2 a5 9. Nc3 Na6 10. Rc1 h6 11. d5 e5 12. dxc6 bxc6 13. Nh4 g5 14. Bxc6 Rb8 15. Ng6 Nb4 16. Bb5 Re8 17. Bxe8 Nxe8 18. a3 Na6 19. Qd5+ Kh7 20. Qf7 Rb7 21. Nf8+ Kh8 22. Ng6+ Kh7 23. Nf8+ Kh8 24. Ne6 Qd7 25. Qxd7 Bxd7 26. Nxg7 Kxg7 27. Nb5 Bxb5 28. cxb5 Rxb5 29. Rb1 Nc5 30. Bc3 Nf6 31. Bxa5 Rxa5 32. b4 Rxa3 33. bxc5 dxc5 34. Ra1 Rxa1 35. Rxa1 f4 36. Ra5 Kg6 37. Rxc5 Kf5 38. Kg2 g4 39. gxf4 Kxf4 40. Rc6 Kg5 41. Ra6 h5 42. Ra4 Nd5 43. e3 Ne7 44. Ra5 Ng6 45. Kg3 Kf5 46. Ra7 Kg5 47. Rh7 Nf8 48. Rg7+ Ng6 49. Rg8 Kf5 50. f3 gxf3 51. Kxf3 Nh4+ 52. Kg3 Ng6 53. Rg7 Kg5 54. h4+ Kf5 55. Rh7 Ke4 56. Rxh5 Ne7 57. Rg5 Nf5+ 58. Rxf5 1-0

[Event "World op 42nd"]
[Site "Arlington"]
[Date "2014.07.03"]
[Round "2"]
[White "Kovalyov, Anton"]
[Black "Nagle, Sean"]
[Result "1/2-1/2"]
[WhiteElo "2636"]
[BlackElo "2411"]
[PlyCount "21"]
[EventDate "2014.07.02"]
[EventType "swiss"]
[EventRounds "9"]
[EventCountry "USA"]
[SourceTitle "CBM 161 Extra"]
[Source "ChessBase"]
[SourceDate "2014.08.29"]
[SourceVersion "1"]
[SourceVersionDate "2014.08.29"]
[SourceQuality "1"]

1. Nf3 Nf6 2. c4 g6 3. Nc3 Bg7 4. e4 d6 5. d4 0-0 6. Be2 e5 7. Be3 Ng4 8. Bg5 f6 9. Bh4 g5 10. Bg3 Nh6 11. dxe5 1/2-1/2

[Event "Arlington DC op 2nd"]
[Site "Arlington"]
[Date "2014.06.29"]
[Round "8"]
[White "Vibbert, Sean"]
[Black "Nagle, Sean"]
[Result "1-0"]
[WhiteElo "2316"]
[BlackElo "2412"]
[PlyCount "93"]
[EventDate "2014.06.26"]
[EventType "swiss"]
[EventRounds "9"]
[EventCountry "USA"]
[SourceTitle "CBM 161 Extra"]
[Source "ChessBase"]
[SourceDate "2014.08.29"]
[SourceVersion "1"]
[SourceVersionDate "2014.08.29"]
[SourceQuality "1"]

1. e4 g6 2. d4 Bg7 3. Nc3 d6 4. f4 Nf6 5. Nf3 c5 6. e5 Nfd7 7. exd6 cxd4 8. Nb5 0-0 9. Nc7 exd6 10. Nxa8 Nc6 11. Be2 Nc5 12. 0-0 Bf5 13. Ne1 d3 14. Bxd3 Nxd3 15. Nxd3 Qxa8 16. c3 d5 17. Ne5 Rd8 18. Be3 Be4 19. Bd4 Nxd4 20. cxd4 f6 21. Nd3 b6 22. Rc1 Bf8 23. Qd2 Qb7 24. Rc3 Qd7 25. a3 Bd6 26. Nf2 Bf5 27. Re1 Qa4 28. Qe3 Bd7 29. Qf3 Be8 30. Qxd5+ Bf7 31. Qf3 Bf8 32. f5 g5 33. b4 Qd7 34. h4 h6 35. hxg5 hxg5 36. Rec1 Re8 37. Rc7 Qxc7 38. Rxc7 Re1+ 39. Kh2 Bd6+ 40. Kh3 Bxc7 41. Qc3 Re7 42. Ng4 Bf4 43. d5 Be5 44. Nxe5 Rxe5 45. d6 Rd5 46. Qc8+ Kg7 47. d7 1-0

[Event "Minneapolis-ch MN"]
[Site "Minneapolis"]
[Date "2014.03.16"]
[Round "4"]
[White "Johnson, Leonard J"]
[Black "Nagle, Sean"]
[Result "0-1"]
[WhiteElo "2323"]
[BlackElo "2510"]
[PlyCount "112"]
[EventDate "2014.03.14"]
[EventType "tourn"]
[EventRounds "5"]
[EventCountry "USA"]
[SourceTitle "EXT 2016"]
[Source "ChessBase"]
[SourceDate "2015.10.08"]
[SourceVersion "1"]
[SourceVersionDate "2015.10.08"]
[SourceQuality "1"]

1. d4 g6 2. Nf3 Bg7 3. c3 d6 4. Bg5 h6 5. Bh4 f5 6. e3 Nf6 7. Bxf6 Bxf6 8. Qb3 e5 9. dxe5 dxe5 10. Nbd2 Qe7 11. e4 Nd7 12. Qc2 f4 13. Bc4 g5 14. h3 h5 15. 0-0-0 Nb6 16. Bb3 Qc5 17. Qd3 Bd7 18. Bd5 c6 19. Bb3 0-0-0 20. Qe2 g4 21. Ne1 Kc7 22. Nd3 Qe7 23. c4 Bc8 24. hxg4 hxg4 25. Rxh8 Bxh8 26. Nb1 Rd4 27. Na3 Bf6 28. c5 Na8 29. Nc2 Rd8 30. Qe1 Kb8 31. Qc3 Nc7 32. Na3 Rd4 33. f3 Ne6 34. Nc2 Rd8 35. Bxe6 Bxe6 36. Rh1 Qg7 37. Nce1 Rh8 38. Rxh8+ Qxh8 39. fxg4 Bxg4 40. Qc4 Qh7 41. Kc2 a6 42. Nf3 Qh5 43. Qg8+ Ka7 44. Qf8 Bxf3 45. gxf3 Bh4 46. Qf5 Qxf3 47. Nxe5 Qe2+ 48. Kc1 Qe1+ 49. Kc2 Qf2+ 50. Kb3 Qe3+ 51. Ka4 Qxc5 52. Kb3 Qe3+ 53. Kc2 Qe2+ 54. Kb3 Qd1+ 55. Ka3 Be7+ 56. b4 Qc2 0-1

[Event "Minneapolis-ch MN"]
[Site "Minneapolis"]
[Date "2014.03.16"]
[Round "5"]
[White "Nagle, Sean"]
[Black "Kleist, Justin S"]
[Result "1-0"]
[WhiteElo "2510"]
[BlackElo "2070"]
[PlyCount "105"]
[EventDate "2014.03.14"]
[EventType "tourn"]
[EventRounds "5"]
[EventCountry "USA"]
[SourceTitle "EXT 2016"]
[Source "ChessBase"]
[SourceDate "2015.10.08"]
[SourceVersion "1"]
[SourceVersionDate "2015.10.08"]
[SourceQuality "1"]

1. d4 Nf6 2. Nf3 e6 3. g3 b5 4. Bg2 Bb7 5. 0-0 Be7 6. Qd3 a6 7. c4 b4 8. Nbd2 0-0 9. Ne5 Bxg2 10. Kxg2 d6 11. Qf3 Ra7 12. Nd3 c5 13. dxc5 dxc5 14. b3 Nbd7 15. a3 a5 16. Bb2 Qa8 17. a4 Qxf3+ 18. Kxf3 Rd8 19. Rad1 h6 20. h4 Ra6 21. g4 Nh7 22. Rh1 f5 23. gxf5 exf5 24. Nf1 g5 25. Ne3 f4 26. Nd5 Bf8 27. hxg5 Nxg5+ 28. Kxf4 Bd6+ 29. Kg4 Nf7 30. f4 Kh7 31. e4 Rg8+ 32. Kf3 Rf8 33. Ke3 Re8 34. Rdg1 Rg8 35. Rxg8 Kxg8 36. Rg1+ Kf8 37. Rg6 Ke8 38. e5 Nf8 39. Rxd6 Rxd6 40. exd6 Nxd6 41. Nxc5 Kf7 42. Be5 Nf5+ 43. Ke4 Ng3+ 44. Kf3 Nf5 45. Nb7 Nd7 46. Nxa5 Nc5 47. Nxb4 h5 48. Nc2 h4 49. Nd4 Nh6 50. f5 Nd3 51. Bf4 Ng8 52. Bg5 h3 53. Kg3 1-0

[Event "Minneapolis"]
[Site "Minneapolis"]
[Date "2013.03.17"]
[Round "4"]
[White "Amarasinghe, Prashantha"]
[Black "Nagle, Sean"]
[Result "0-1"]
[WhiteElo "2085"]
[BlackElo "2394"]
[PlyCount "52"]
[EventDate "2013.03.15"]
[EventType "tourn"]
[EventRounds "5"]
[EventCountry "USA"]
[EventCategory "2"]
[SourceTitle "CBM 153 Extra"]
[Source "ChessBase"]
[SourceDate "2013.04.22"]
[SourceVersion "1"]
[SourceVersionDate "2013.04.22"]
[SourceQuality "1"]

1. d4 Nf6 2. c4 g6 3. Nc3 Bg7 4. e4 d6 5. Nf3 Bg4 6. Be2 Nfd7 7. Ng1 Bxe2 8. Ngxe2 a6 9. Be3 c5 10. d5 Ne5 11. 0-0 Nxc4 12. Qa4+ b5 13. Nxb5 Nxb2 14. Nxd6+ Kf8 15. Qb3 exd6 16. e5 Bxe5 17. Bh6+ Kg8 18. f4 Bf6 19. Nc3 Nd3 20. Rad1 c4 21. Qxc4 Nb2 22. Qb4 Nxd1 23. Ne4 Bg7 24. Bxg7 Kxg7 25. Qd4+ f6 26. Ng5 Qe7 0-1

[Event "US Masters op"]
[Site "Hendersonville"]
[Date "2007.03.18"]
[Round "8"]
[White "Nagle, Sean"]
[Black "Jones, Craig W"]
[Result "1/2-1/2"]
[WhiteElo "2432"]
[BlackElo "2263"]
[PlyCount "52"]
[EventDate "2007.03.10"]
[EventType "swiss"]
[EventRounds "9"]
[EventCountry "USA"]
[SourceTitle "EXT 2011"]
[Source "ChessBase"]
[SourceDate "2010.11.26"]
[SourceVersion "1"]
[SourceVersionDate "2010.11.26"]
[SourceQuality "1"]

1. Nf3 Nf6 2. c4 c5 3. Nc3 Nc6 4. g3 g6 5. Bg2 Bg7 6. d4 cxd4 7. Nxd4 Nxd4 8. Qxd4 d6 9. 0-0 0-0 10. Qd3 Qa5 11. Nb5 a6 12. Bd2 Qd8 13. Nc3 Be6 14. b3 Rb8 15. Rac1 Nd7 16. e4 Nc5 17. Qe2 Qd7 18. Nd5 Bxd5 19. exd5 Rfc8 20. b4 Na4 21. Rc2 Qf5 22. Re1 Bb2 23. Be4 Qf6 24. Rb1 Bc3 25. Rbc1 Bb2 26. Rb1 Bc3 1/2-1/2

[Event "Minneapolis HB Global op"]
[Site "Minneapolis"]
[Date "2005.05.21"]
[Round "7"]
[White "Van de Mortel, Jan"]
[Black "Nagle, Sean"]
[Result "1/2-1/2"]
[WhiteElo "2410"]
[BlackElo "2397"]
[PlyCount "74"]
[EventDate "2005.05.18"]
[EventType "swiss"]
[EventRounds "9"]
[EventCountry "USA"]
[SourceTitle "CBM 107"]
[Source "ChessBase"]
[SourceDate "2005.08.01"]
[SourceVersion "1"]
[SourceVersionDate "2005.08.01"]
[SourceQuality "1"]

1. d4 g6 2. Nf3 Bg7 3. c4 d6 4. Nc3 Nf6 5. e4 0-0 6. Be2 e5 7. d5 a5 8. Nd2 Na6 9. h4 h5 10. Nf3 Nc5 11. Ng5 c6 12. Be3 cxd5 13. cxd5 Bd7 14. Bxc5 dxc5 15. a4 Ne8 16. Bb5 Nd6 17. Bxd7 Qxd7 18. Qe2 Ra6 19. Nb5 Rb6 20. Nxd6 Qxd6 21. 0-0 Bh6 22. Rfc1 Bxg5 23. hxg5 Rb4 24. Rc4 Qa6 25. b3 Rxb3 26. Qc2 Rb2 27. Qxb2 Qxc4 28. Qxe5 Qd3 29. Rc1 c4 30. Kh2 Qd2 31. Rxc4 Qxf2 32. Rc3 Qh4+ 33. Rh3 Qg4 34. Rf3 Qd7 35. Qd4 Qg4 36. Qe5 Qd7 37. Qd4 Qg4 1/2-1/2